Austria - prawda czy fałsz? - Statystyki

Ogólne statystyki
  • Ten quiz został rozwiązany 291 razy
  • Średni wynik to 12 z 15
Statystyki odpowiedzi
Zagadnienie Odpowiedź % Poprawnych
Alpy znajdują się w Austrii Prawda
94%
W Austrii urodził się Adolf Hitler Prawda
92%
W Austrii mówi się w języku Austrackim Fałsz
91%
Austrii nie idzie w skokach narciarskich? Fałsz
91%
W 1683 roku Wiedeń przed Imperium Osmańskim obronił Jan III Sobieski z Polską Husarią Prawda
91%
RB Lipsk znajduje się w Wiedniu Fałsz
88%
Najdluższą rzeką przepływającom przez Wiedeń jest Dunaj Prawda
88%
Pireneje leżą w Austrii Fałsz
87%
Flaga Austrii składa się z trzech kolorów Fałsz
84%
Mozart urodził się w Salzburgu Prawda
84%
Słowacja Graniczy z Austrią Prawda
83%
W Wiedniu mieszka ponad 1/5 Austriaków Prawda
76%
Miasto Villach leży w Austrii Prawda
76%
Czy Austria składa się z dokładnie 8 krajów związkowych Fałsz
65%
Karyntia to najmniejszy kraj związkowy w Austrii Fałsz
51%
Nie znaleziono quizów pasujących do podanych kryteriów
Rozkład punktacji
Procent ludzi z każdym wynikiem
Percentyl według liczby udzielonych odpowiedzi
Twoja historia wyników
Nie rozwiązałeś tego quizu